书目信息 |
| 题名: |
仿佛
|
|
| 作者: | 张曼娟, 著 | |
| 分册: | ||
| 出版信息: | 北京 北京出版社 2002.01 |
|
| 页数: | 216页, [1] 叶图版 | |
| 开本: | 21cm | |
| 丛书名: | 非常作家系列 | |
| 单 册: | ||
| 中图分类: | I247.7 | |
| 科图分类: | ||
| 主题词: | 短篇小说--duan pian xiao shuo--中国--现代--作品集 | |
| 电子资源: | ||
| ISBN: | 7-200-04387-7 | |
| 000 | 01009nam 2200277 450 | |
| 001 | 012008104046 | |
| 005 | 20080422132454.43 | |
| 010 | @a7-200-04387-7@dCNY15.00 | |
| 100 | @a20080422d2002 km y0chiy0120 ea | |
| 101 | 0 | @achi |
| 102 | @aCN@b110000 | |
| 105 | @af z 000ay | |
| 106 | @ar | |
| 200 | 1 | @a仿佛@AFang Fo@d= Perhaps love@f张曼娟著@Fzhang man juan zhu@zeng |
| 210 | @a北京@c北京出版社@d2002.01 | |
| 215 | @a216页, [1] 叶图版@d21cm | |
| 225 | 2 | @a非常作家系列@Afei chang zuo jia xi lie@h第二辑 |
| 304 | @a张曼娟(女),中国文学博士,现为台湾紫石作坊总策划。著有《喜欢》、《仿佛》等。 | |
| 330 | @a本书收入了《绝情记》、《桑树唱歌的夏天》、《子夜的爱恋脱走》、《听说你们相爱》、《自己的房间》等10部短篇小说。 | |
| 410 | 0 | @12001 @a非常作家系列 |
| 510 | 1 | @aPerhaps love@zeng |
| 606 | 0 | @a短篇小说@Aduan pian xiao shuo@y中国@z现代@j作品集 |
| 690 | @aI247.7@v4 | |
| 701 | 0 | @a张曼娟,@Azhang man juan,@f1961-@4著 |
| 801 | 0 | @aCN@bQSSK@c20080422 |
| 905 | @b20700740-42@dI247.7@eZ142@f3 | |
| 仿佛= Perhaps love/张曼娟著.-北京:北京出版社,2002.01 |
| 216页, [1] 叶图版;21cm.-(非常作家系列.第二辑) |
| ISBN 7-200-04387-7:CNY15.00 |
| 本书收入了《绝情记》、《桑树唱歌的夏天》、《子夜的爱恋脱走》、《听说你们相爱》、《自己的房间》等10部短篇小说。 |
| ● |
| 相关链接 |
|
|
|
正题名:仿佛
索取号:I247.7/Z142
 
预约/预借
| 序号 | 登录号 | 条形码 | 馆藏地/架位号 | 状态 | 备注 |
| 1 | 700740 | 207007406 | 文学库108/108文学库 62排2列5层/ [索取号:I247.7/Z142] | 在馆 | |
| 2 | 700741 | 207007415 | 文学库108/108文学库 62排2列5层/ [索取号:I247.7/Z142] | 在馆 | |
| 3 | 700742 | 207007424 | 文学库108/108文学库 62排2列5层/ [索取号:I247.7/Z142] | 在馆 |